| 000 | 00000nam##2200000za#4500 |
| 001 | 9.600963 |
| 003 | CaOODSP |
| 005 | 20210624205835 |
| 007 | cr ||||||||||| |
| 008 | 150406|2002||||xxc|||||o f|0| 0 fre|d |
| 040 | |aCaOODSP|bfre |
| 043 | |an-cn--- |
| 086 | 1 |aNH15-391/2002F-PDF |
| 110 | 2 |aSociété canadienne d'hypothèques et de logement. |
| 245 | 10|aVariantes de murs : |h[ressource électronique]|bhabitations de faible hauteur |
| 260 | |aOttawa - Ontario : |bSociété canadienne d'hypothèques et de logement |cJuin 2002. |
| 300 | |a141p.|bfigures, références, tableaux, photographies |
| 490 | 1 |aRapport de recherche. Série sur les technologies du bâtiment |
| 500 | |aLe nº de catalogue (NH15-391/2002F) et l'ISBN (0-662-87528-1) de l'édition imprimée ont été incorrectement copiés dans cette édition électronique. |
| 504 | |aBibliographie. |
| 590 | |a11-27-Supp|b2011-11-15 |
| 775 | 08|tAlternate wall systems for low-rise housing |w(CaOODSP)9.570215 |
| 830 | #0|aRapport de recherche. Série sur les technologies du bâtiment.|w(CaOODSP)9.502704 |
| 856 | 40|ahttp://publications.gc.ca|qPDF|s1.22 Mo|uhttps://publications.gc.ca/collections/collection_2011/schl-cmhc/nh18-1-3/NH15-391-2002-fra.pdf |